000 00589nam a2200145 a 4500
008 151130s2005 ||||||||||||||||| || u
020 _a9781904752158
050 _aRG136 Con
100 _aGlasier, Anna
245 1 0 _aContraception and contraceptive use
_cEdited by Anna Glasier, Kaye Wellings and Hilary Critchley
260 _aLondon
_bRCOG Press
_c2005
300 _aix, 276p.
650 _aCONTRACEPTION
995 _aMEDICAL LIBRARY OPEN ACCESS
_e903168
_FCBU-SCHOOL OF MEDICINE LIBRARY (Ndola)
_I21.43
_jRG136 Con
_M1
_UAVAILABLE
_WDec 14, 2015
_y903168
_ZMedical Library Open Access Collection
999 _c31155
_d31155